Recordmans de gains - Tennis - Hommes - 1 - Statistiques

Statistiques générales
  • Ce quiz a été pris 99 fois
  • Le résultat moyen est 7 sur 10
Statistiques - réponses
Hint Réponse % Correct
$182,011,060 Novak Djokovic
100%
$134,808,161 Rafael Nadal
99%
$130,594,339 Roger Federer
99%
$64,538,170 Andy Murray
88%
$36,746,089 Stan Wawrinka
73%
$40,740,116 Daniil Medvedev
64%
$41,877,114 Alexander Zverev
62%
$43,280,489 Pete Sampras
61%
$31,483,911 David Ferrer
37%
$31,301,586 Marin Čilić
35%
Aucun quiz correspondant
Distribution des résultats
% des personnes avec chaque résultat
Percentile par nombre de réponses
Votre historique - résultats
Vous n’avez pas pris ce quiz